000 01279njm a22003137a 4500
005 20100920144759.0
006 a|||||r|||||00| 0
007 sd ammalaaahaa
008 100901t xxu||||| |||| 00| 0 eng d
028 _aECSD. 5942
_bEMI
035 _aGR-03902
040 _aSED
_cSED
100 _aKishore Kumar
_917891
245 _aSharaabi /
_cby Kishore Kumar [and] Amitabh Bachchan; lyric by Prakash Mehra [and] Anjaan; music by Bappi Lahiri
_h[Sound recording]
246 _aशराबी / किशोर कुमार द्वारा
260 _aDum Dum, India
_bEMI
_c1984
300 _a1 Sound disc [Gramophone Recording] :
_banalog, 33 1/3 rpm
_c12 in. (LP)
_fGramophone Record
500 _aBrief record
500 _aRecord Labels : EMI, Red
505 _aSide-1 (Jahan mil jayen chaar yaar) (Kishore Kumar [and] Amitabh Bachchan) --Side-2 (Manzilen apni jagah hai) (Kishore Kumar)
600 _aKishore Kumar
_919718
650 _aFilm songs
_xExcerpts
_zIndia
_917892
700 _aBachchan, Amitabh
_920083
700 _aMehta, Prakash
_920811
700 _aAnjaan
_920795
700 _aLahiri, Bappi
_920786
942 _2ddc
_cGR
999 _c47031
_d47031